Understanding Solid-Stae Electronics / (Record no. 194237)
[ view plain ]
| 000 -LEADER | |
|---|---|
| fixed length control field | 00746 a2200181 4500 |
| 003 - CONTROL NUMBER IDENTIFIER | |
| control field | Nust |
| 005 - DATE AND TIME OF LATEST TRANSACTION | |
| control field | 20221122103742.0 |
| 022 ## - INTERNATIONAL STANDARD SERIAL NUMBER | |
| International Standard Serial Number | 87345-285-2 |
| 040 ## - CATALOGING SOURCE | |
| Transcribing agency | Nust |
| 082 ## - DEWEY DECIMAL CLASSIFICATION NUMBER | |
| Classification number | 621.381,WON |
| 100 ## - MAIN ENTRY--PERSONAL NAME | |
| Personal name | Glenn A. Wonderly |
| 9 (RLIN) | 103323 |
| 245 ## - TITLE STATEMENT | |
| Title | Understanding Solid-Stae Electronics / |
| Statement of responsibility, etc. | Glenn A. Wonderly |
| 260 ## - PUBLICATION, DISTRIBUTION, ETC. | |
| Place of publication, distribution, etc. | USA |
| Name of publisher, distributor, etc. | Mc Knight |
| Date of publication, distribution, etc. | 1971 |
| 300 ## - PHYSICAL DESCRIPTION | |
| Extent | xiv,210p; |
| 505 ## - FORMATTED CONTENTS NOTE | |
| Formatted contents note | Solid State Physics (Page-2), Two Element Solid State Devices (Page-24), Audio Amplifier System (Page-114), Radio Waves in Communication (Page-136), Oscillation and Frequency Conversion (Page-156), Intermediate Frequency Amplifier (Page-178), Demodulation and Automatic Gain Control (Page-193). |
| 650 ## - SUBJECT ADDED ENTRY--TOPICAL TERM | |
| Topical term or geographic name entry element | Telecommunication Engineering |
| 942 ## - ADDED ENTRY ELEMENTS (KOHA) | |
| Source of classification or shelving scheme | |
| Koha item type | Book |
| Withdrawn status | Lost status | Source of classification or shelving scheme | Damaged status | Not for loan | Permanent Location | Current Location | Shelving location | Date acquired | Full call number | Barcode | Date last seen | Price effective from | Koha item type | Public note |
|---|---|---|---|---|---|---|---|---|---|---|---|---|---|---|
| Military College of Signals (MCS) | Military College of Signals (MCS) | General Stacks | 12/12/2016 | 621.381,WON | MCS5402 | 12/08/2016 | 12/12/2016 | Book | Almirah No.31, Shelf No.6 | |||||
| Military College of Signals (MCS) | Military College of Signals (MCS) | General Stacks | 12/12/2016 | 621.381,WON | MCS5745 | 12/08/2016 | 12/12/2016 | Book | Almirah No.31, Shelf No.6 |
